000 00590cab a2200229 4500
001 X797
008 090401t1993 xxu||||| |||| 00| 0 eng d
035 _a(Sirsi) u67498
041 _aeng
245 _aSite possession
260 _c1993
350 _a0
490 _aCS Monthly
_bthe Building Surveyor
_v2(9) June 1993, 9(1)
650 _aCONSTRUCTION DISPUTES
650 _aCONTRACT ADMINISTRATION
650 _aDATE OF POSSESSION
650 _aJCT
650 _aPOSSESSION OF SITE
690 _aBUILT ENVIRONMENT-BUILDING CONTRACT FORMS
942 _n0
948 _c04/03/1997
999 _c42231
_d42231